Statistics for Most Popular Wowaka (Vocaloid) Songs - In Three Words

Click here to take the quiz!

General Stats

  • This quiz has been taken 91 times
  • The average score is 4 of 5

Answer Stats

HintAnswer% Correct
One more timeRolling Girl
99%
Unknown to AllUnknown Mother Goose
87%
Shall we doWorlds End Dancehall
85%
Is it Happy?Unhappy Refrain
73%
Wait for my-Two Sided Lovers
72%

Score Distribution

Percentile by Number Answered

Percent of People with Each Score

Your Score History

You have not taken this quiz